| 000 | 00769nam a2200241 a 4500 | ||
|---|---|---|---|
| 001 | 49694 | ||
| 003 | BD-RjUL | ||
| 005 | 20211209054720.0 | ||
| 008 | 160822s1964 enk b 000 0 eng | ||
| 035 | _a(BD-RjUL)49814 | ||
| 040 |
_aBD-RjUL _cOAU _dBD-RjUL _beng |
||
| 041 | _aeng | ||
| 082 |
_a362.110942 _223 _bCAH 1964 |
||
| 100 | 1 |
_aCartwright, Ann. _9148992 |
|
| 245 | 1 | 0 | _aHuman relations and hospital care / |
| 260 |
_aLondon : _bRoutledge & K. Paul, _c[1964] |
||
| 300 |
_ax, 262 p. ; _c22 cm. |
||
| 490 | 1 |
_aReports of the Institute of Community Studies, _v9 |
|
| 504 | _aBibliography: p. 251-254. | ||
| 650 | 0 |
_aHospital care _zGreat Britain. _9148993 |
|
| 830 | 0 |
_aReports of the Institute of Community Studies (Unnumbered) ; _v9. _9148996 |
|
| 942 |
_2ddc _cBK |
||
| 999 |
_c49694 _d49694 |
||